Top 10 x 2 Most-Visited Cities by Singaporeans - Statistics

General Stats
  • This quiz has been taken 503 times
  • The average score is 12 of 20
Answer Stats
# City % Correct
4. Tokyo
90%
4. Bangkok
86%
1. Bangkok
86%
7. Kuala Lumpur
86%
2. Hong Kong
76%
3. Hong Kong
76%
8. London
76%
7. Seoul
71%
5. Seoul
71%
9. Manila
61%
3. Taipei
60%
6. Taipei
60%
5. Osaka
59%
1. Denpasar, Bali
55%
2. Denpasar, Bali
55%
10. Phuket
33%
6. Kyoto
32%
8. Sapporo
15%
10. Langkawi
7%
9. Boracay
3%
No matching quizzes found
Score Distribution
Percent of People with Each Score
Percentile by Number Answered
Your Score History
You have not taken this quiz